Подробности
| 000 -МАРКЕР |
| контрольное поле |
01207nam0a22002651 4500 |
| 001 - ИДЕНТИФИКАТОР ЗАПИСИ |
| контрольное поле |
rc\2653883 |
| 005 - ИДЕНТИФИКАТОР ВЕРСИИ |
| контрольное поле |
20260406081707.0 |
| 035 ## - ДРУГИЕ СИСТЕМНЫЕ НОМЕРА |
| Идентификатор записи |
(NLR Aleph) 006961211 |
| 100 ## - ДАННЫЕ ОБЩЕЙ ОБРАБОТКИ |
| Данные общей обработки |
20110613d1930 |||y0rusy50 ca |
| 101 0# - ЯЗЫК РЕСУРСА |
| Язык текста, звукозаписи и т.д. |
русский |
| 102 ## - СТРАНА ПУБЛИКАЦИИ ИЛИ ПРОИЗВОДСТВА |
| Страна публикации |
российская федерация |
| 105 ## - ПОЛЕ КОДИРОВАННЫХ ДАННЫХ: ТЕКСТОВЫЕ МАТЕРИАЛЫ, МОНОГРАФИЧЕСКИЕ |
| Кодированные данные о монографическом текстовом документе |
c z ||||| |
| 200 1# - ЗАГЛАВИЕ И СВЕДЕНИЯ ОБ ОТВЕТСТВЕННОСТИ |
| Основное заглавие |
Сборник стихов |
| Первые сведения об ответственности |
Янка Купала |
| Последующие сведения об ответственности |
Вступ. статья Л.М. Клейнборта |
| 210 ## - ПУБЛИКАЦИЯ, РАСПРОСТРАНЕНИЕ И ДР. |
| Место издания, распространения и т.д. |
Москва |
| -- |
Ленинград |
| Имя издателя, распространителя и т. д. |
Гос. изд-во |
| Дата издания, распространения и т.д. |
1930 |
| Место изготовления |
Москва |
| Имя изготовителя |
1-я Образцовая тип. |
| 215 ## - ФИЗИЧЕСКАЯ ХАРАКТЕРИСТИКА |
| Специфическое обозначение материала и объем |
183 с., 1 вкл. л. портр. |
| Другие сведения о физической характеристике |
портр. |
| Размеры |
18×13 см |
| 464 #0 - АНАЛИТИЧЕСКИЙ УРОВЕНЬ |
| Встроенное поле |
2001#$aЯнка Купала |
| -- |
700#1$aКлейнборт$bЛ. М.$f1875-1950$gЛев Максимович$3RU\NLR\AUTH\770257292$4070 |
| Заглавие |
Янка Купала |
| Автор |
Клейнборт, Лев Максимович (1875-1950) |
| 700 #1 - ИМЯ ЛИЦА - ПЕРВИЧНАЯ ОТВЕТСТВЕННОСТЬ |
| Материалы, к которым относится поле |
bel |
| Графика поля |
Кириллица |
| Начальный элемент ввода |
Купала |
| Часть имени, кроме начального элемента ввода |
Я. |
| Даты |
1882-1942 |
| Расширение инициалов личного имени |
Янка |
| Идентификатор авторитетной/нормативной записи |
RU\NLR\AUTH\7746206 |
| Системный номер авторитетной/нормативной записи |
29141 |
| 702 #1 - ИМЯ ЛИЦА - ВТОРИЧНАЯ ОТВЕТСТВЕННОСТЬ |
| Код отношения |
Редактор |
| Графика поля |
Кириллица |
| Материалы, к которым относится поле |
rus |
| Начальный элемент ввода |
Клейнборт |
| Часть имени, кроме начального элемента ввода |
Л. М. |
| Даты |
1875-1950 |
| Расширение инициалов личного имени |
Лев Максимович |
| Системный номер авторитетной/нормативной записи |
257236 |
| Идентификатор авторитетной/нормативной записи |
RU\NLR\AUTH\770257292 |
| 801 #0 - ИСТОЧНИК ЗАПИСИ |
| Страна |
российская федерация |
| Организация |
NLR |
| Правила каталогизации |
psbo |
| 801 #1 - ИСТОЧНИК ЗАПИСИ |
| Страна |
российская федерация |
| Организация |
ELAR |
| Источник данных |
rusmarc |
| 852 ## - МЕСТОНАХОЖДЕНИЕ И ШИФР ХРАНЕНИЯ |
| Идентификатор организации |
NLR |
| Шифр хранения (Call Number) |
30.1/67 |
| 942 ## - ДОПОЛНИТЕЛЬНЫЕ ЭЛЕМЕНТЫ ЗАПИСИ (АБИС) |
| Тип экземпляра АБИС |
Книга |
| 980 ## - КОЛЛЕКЦИЯ |
| Название коллекции |
Национальная библиография |